[Event "Jiraskuv memorial A"]
[Site "Rakovnik"]
[Date "2011.08.11"]
[Round "7"]
[White "Hinz, Frantisek"]
[Black "Bauer, Pavel"]
[Result "1-0"]
[WhiteElo "2015"]
[BlackElo "1876"]
[PlyCount "49"]
[EventDate "2011.08.??"]
[EventType "swiss"]
[EventRounds "9"]
[EventCountry "CZE"]
[TimeControl "40/7200:20/3600:1800"]

{Bily se nedostavil.} 1. d4 Nf6 2. Nf3 d6 3. c4 g6 4. Nc3 Bg7 5. e4 O-O 6. Be2
Nbd7 7. O-O e5 8. d5 a5 9. Be3 Nc5 10. Nd2 Ne8 11. b3 f5 12. f3 f4 13. Bf2 g5
14. a3 h5 15. b4 axb4 16. axb4 Rxa1 17. Qxa1 Na6 18. Qa5 g4 19. c5 Bf6 20. c6
Nb8 21. Qa7 Nxc6 22. dxc6 bxc6 23. Qa8 Qd7 24. b5 Ng7 25. Qxc6 1-0

[Event "Jiraskuv memorial A"]
[Site "Rakovnik"]
[Date "2011.08.11"]
[Round "7"]
[White "Ondrejat, Miroslav"]
[Black "Klement, Lukas"]
[Result "0-1"]
[WhiteElo "2048"]
[BlackElo "2234"]
[PlyCount "80"]
[EventDate "2011.08.??"]
[EventType "swiss"]
[EventRounds "9"]
[EventCountry "CZE"]
[TimeControl "40/7200:20/3600:1800"]

{Bily se nedostavil.} 1. c4 Nf6 2. Nf3 b6 3. g3 Bb7 4. Bg2 e6 5. O-O c5 6. Nc3
Be7 7. d4 cxd4 8. Qxd4 d6 9. Rd1 a6 10. b3 O-O 11. Bb2 Qc7 12. Rac1 Nbd7 13.
Ba3 Nc5 14. h3 Rfd8 15. Qe3 Rac8 16. Ne1 Bxg2 17. Nxg2 Qb8 18. Nf4 b5 19. cxb5
axb5 20. Bxc5 Rxc5 21. a4 bxa4 22. Nxa4 Rb5 23. Rd3 d5 24. Nxe6 fxe6 25. Qxe6+
Kf8 26. Rdc3 Qd6 27. Qf5 Qd7 28. Qd3 Rb7 29. g4 Bd6 30. Nc5 Bxc5 31. Rxc5 Qd6
32. Qf5 Qd7 33. Qf4 Kg8 34. g5 Ne4 35. Rc7 Rxc7 36. Rxc7 Qe6 37. f3 Rf8 38. Qc1
Ng3 39. Kg2 Qxe2+ 40. Kxg3 Rxf3+ 0-1

[Event "Jiraskuv memorial A"]
[Site "Rakovnik"]
[Date "2011.08.11"]
[Round "7"]
[White "Volek, Radomir"]
[Black "Slanec, Jan"]
[Result "1-0"]
[WhiteElo "2084"]
[BlackElo "1913"]
[PlyCount "93"]
[EventDate "2011.08.??"]
[EventType "swiss"]
[EventRounds "9"]
[EventCountry "CZE"]
[TimeControl "40/7200:20/3600:1800"]

{Bily se nedostavil.} 1. e4 g6 2. d4 d6 3. Nc3 Bg7 4. Be3 e6 5. Qd2 Nc6 6. Nf3
Nge7 7. Bh6 Bxh6 8. Qxh6 Ng8 9. Qe3 Nge7 10. O-O-O d5 11. Bd3 dxe4 12. Bxe4 Nb4
13. d5 O-O 14. dxe6 Qe8 15. a3 f5 16. Qh6 Nec6 17. Ng5 Qe7 18. Bf3 Na6 19. Rhe1
Qg7 20. Qxg7+ Kxg7 21. Bxc6 bxc6 22. e7 Re8 23. Rd8 Bb7 24. Na4 h6 25. Ne6+ Kf6
26. Nec5 Nxc5 27. Rxe8 Rxe8 28. Nxc5 Bc8 29. f4 Rxe7 30. Rxe7 Kxe7 31. Kd2 Kd6
32. h4 g5 33. g3 g4 34. Kd3 h5 35. Kd4 Ke7 36. Ke5 Kf7 37. Nb3 Bd7 38. Nd4 Kg6
39. Ne6 Kf7 40. Nxc7 Ke7 41. Na6 Be6 42. Nc5 Ba2 43. Nb3 Bb1 44. Nd4 Kd7 45. c3
Kc7 46. Nxf5 Kb6 47. Nd6 1-0

[Event "Jiraskuv memorial A"]
[Site "Rakovnik"]
[Date "2011.08.11"]
[Round "7"]
[White "Trnka, Miroslav"]
[Black "Cap, Adam"]
[Result "0-1"]
[WhiteElo "2012"]
[BlackElo "1924"]
[PlyCount "96"]
[EventDate "2011.08.??"]
[EventType "swiss"]
[EventRounds "9"]
[EventCountry "CZE"]
[TimeControl "40/7200:20/3600:1800"]

{Bily se nedostavil.} 1. d4 Nf6 2. c4 g6 3. Nc3 Bg7 4. e4 d6 5. Nf3 O-O 6. Be2
e5 7. O-O Nc6 8. d5 Ne7 9. Ne1 Nd7 10. Nd3 f5 11. f4 Kh8 12. Kh1 a5 13. Be3 b6
14. Rc1 fxe4 15. Nxe4 Nf5 16. Bf2 Qe7 17. Bg4 exf4 18. Re1 Ne3 19. Bxe3 fxe3
20. Bf3 Ne5 21. Nxe5 Qxe5 22. Rc3 Bh6 23. Nd2 Qd4 24. Nf1 Qxd1 25. Rxd1 Bf5 26.
b3 Rae8 27. Re1 e2 28. Rxe2 Rxe2 29. Bxe2 Re8 30. Ng3 Bd2 31. Rf3 Bg4 32. Rf2
Be3 33. Rf1 Bc8 34. Bf3 Kg7 35. Re1 Bd7 36. h3 Bf4 37. Rxe8 Bxe8 38. Ne2 Be5
39. a4 Bd7 40. g4 h5 41. Kg2 hxg4 42. hxg4 Kf6 43. Kh3 Kg5 44. Nc1 Kf4 45. Kg2
Ke3 46. Na2 Bb2 47. b4 Bxa4 48. c5 Bb3 0-1

[Event "Jiraskuv memorial A"]
[Site "Rakovnik"]
[Date "2011.08.11"]
[Round "7"]
[White "Gaj, Milos"]
[Black "Kozak, Milos"]
[Result "1/2-1/2"]
[WhiteElo "1973"]
[BlackElo "2232"]
[PlyCount "54"]
[EventDate "2011.08.??"]
[EventType "swiss"]
[EventRounds "9"]
[EventCountry "CZE"]
[TimeControl "180"]

{24MB, Fritz8.ctg, sach1} 1. e4 {[%emt 0:00:00]} c5 2. Nf3 e6 3. d4 cxd4 4.
Nxd4 Nc6 5. Be3 Nf6 6. Nc3 d6 7. Be2 Be7 8. O-O O-O 9. Qd2 a6 10. Kh1 Nxd4 11.
Qxd4 b5 12. a4 e5 13. Qd3 b4 14. Nd5 Nxd5 15. Qxd5 Be6 16. Qd3 Qc7 17. a5 Rfc8
18. Rfc1 Qb8 19. f3 d5 20. exd5 Bxd5 21. Rd1 Bc4 22. Qd2 Rd8 23. Qe1 Qb5 24.
Bxc4 Qxc4 25. Rdc1 Rac8 26. Bb6 Rd5 27. c3 b3 1/2-1/2

[Event "Jiraskuv memorial A"]
[Site "Rakovnik"]
[Date "2011.08.11"]
[Round "7"]
[White "Svarc, Roman"]
[Black "Kotrba, Matej"]
[Result "1-0"]
[WhiteElo "2125"]
[BlackElo "1949"]
[PlyCount "57"]
[EventDate "2011.08.??"]
[EventType "swiss"]
[EventRounds "9"]
[EventCountry "CZE"]
[TimeControl "180"]

{24MB, Fritz8.ctg, sach1} 1. c4 {[%emt 0:00:00]} c6 2. g3 d5 3. cxd5 cxd5 4.
Bg2 Nf6 5. Nf3 Nc6 6. d3 e5 7. O-O h6 8. e3 Bg4 9. h3 Be6 10. a3 Qd7 11. Kh2 g5
12. Ng1 h5 13. f4 gxf4 14. exf4 Bc5 15. fxe5 Ng4+ 16. hxg4 hxg4+ 17. Nh3 gxh3
18. Bf3 Nxe5 19. d4 Nxf3+ 20. Rxf3 Bd6 21. Bg5 Rg8 22. Qd2 Be7 23. Bf4 Bd6 24.
Nc3 Bxf4 25. Qxf4 Rc8 26. Re1 Qc7 27. Qf5 Kd7 28. Qh7 Rcf8 29. Rxe6 1-0

[Event "Jiraskuv memorial A"]
[Site "Rakovnik"]
[Date "2011.08.11"]
[Round "7"]
[White "Vykouk, Jan"]
[Black "Hruska, Jan"]
[Result "0-1"]
[WhiteElo "1792"]
[BlackElo "2048"]
[PlyCount "74"]
[EventDate "2011.08.??"]
[EventType "swiss"]
[EventRounds "9"]
[EventCountry "CZE"]
[TimeControl "180"]

{24MB, Fritz8.ctg, sach1} 1. e4 {[%emt 0:00:00]} e5 2. Nf3 Nc6 3. Bc4 Bc5 4. c3
Nf6 5. d3 d6 6. b4 Bb6 7. a4 a6 8. Bg5 h6 9. Bh4 O-O 10. Qb3 Qe7 11. Nbd2 Be6
12. O-O Rad8 13. a5 Ba7 14. b5 axb5 15. Qxb5 Rb8 16. a6 Nd8 17. Bxe6 Qxe6 18.
Bxf6 Qxf6 19. Qd7 Ne6 20. axb7 Rxb7 21. Nc4 Rd8 22. Qc6 Rdb8 23. Na5 Rb2 24.
Nc4 R2b7 25. Na5 Rb5 26. c4 Rb2 27. Qa6 Ra8 28. Qc6 Qd8 29. Qa4 Nd4 30. Nxd4
Bxd4 31. Qd1 Qf6 32. Qe1 Rc2 33. Ra3 Bb6 34. Ra1 Bd4 35. Ra3 Qf4 36. Rb3 Rxa5
37. Qxa5 Rxf2 0-1

[Event "Jiraskuv memorial A"]
[Site "Rakovnik"]
[Date "2011.08.11"]
[Round "7"]
[White "Novak, Jindrich"]
[Black "Elias, Miroslav"]
[Result "0-1"]
[WhiteElo "2059"]
[BlackElo "2121"]
[PlyCount "74"]
[EventDate "2011.08.??"]
[EventType "swiss"]
[EventRounds "9"]
[EventCountry "CZE"]

{C50: Italská hra} 1. d4 d5 2. Nf3 Nf6 3. Nbd2 g6 4. g3 Bg7 5. Bg2 O-O 6. O-O
c6 7. Ne5 Ng4 8. Ndf3 Nxe5 9. Nxe5 Nd7 10. f4 Nxe5 11. dxe5 Bf5 12. c3 f6 13.
exf6 exf6 14. Be3 Re8 15. Bd4 Qd7 16. Re1 Be4 17. Qa4 b6 18. Bxe4 Rxe4 19. Qa6
Rae8 20. Bf2 Bf8 21. a4 Bd6 22. a5 g5 23. fxg5 Qh3 24. axb6 Rh4 25. e3 Qxh2+
26. Kf1 Bxg3 27. Bg1 Qh3+ 28. Ke2 Qg2+ 29. Kd3 Bxe1 30. Rxe1 axb6 31. Qxb6 Qe4+
32. Ke2 Qc2+ 33. Kf3 fxg5 34. Rf1 Rh3+ 35. Kg4 Qg2+ 36. Kf5 Qxf1+ 37. Kg4 Qf3+
0-1

[Event "Jiraskuv memorial A"]
[Site "Rakovnik"]
[Date "2011.08.11"]
[Round "7"]
[White "Bartos, Jan"]
[Black "Masek, Jan"]
[Result "1-0"]
[WhiteElo "2215"]
[BlackElo "1966"]
[PlyCount "75"]
[EventDate "2011.08.??"]
[EventType "swiss"]
[EventRounds "9"]
[EventCountry "CZE"]

{C50: Italská hra} 1. d4 Nf6 2. Nf3 c5 3. d5 b5 4. Bg5 Bb7 5. Bxf6 exf6 6. e4
a6 7. a4 Bd6 8. axb5 Qe7 9. Nc3 f5 10. Qe2 fxe4 11. Qxe4 O-O 12. Qxe7 Bxe7 13.
O-O-O d6 14. Bc4 Nd7 15. bxa6 Bxa6 16. Bxa6 Rxa6 17. Rhe1 Re8 18. Nb5 Kf8 19.
c4 Nb6 20. Kc2 Rc8 21. Nd2 Ra5 22. Ra1 Rca8 23. Rxa5 Rxa5 24. Na3 Ra4 25. Re3
Bg5 26. Rb3 Bxd2 27. Rxb6 Bf4 28. g3 Be5 29. f4 Rb4 30. Rxb4 cxb4 31. fxe5 bxa3
32. bxa3 dxe5 33. d6 f5 34. a4 f4 35. gxf4 exf4 36. Kd3 g5 37. Ke2 h5 38. Kf3
1-0

[Event "Jiraskuv memorial A"]
[Site "Rakovnik"]
[Date "2011.08.11"]
[Round "7"]
[White "Kovar, Jan"]
[Black "Cozl, David"]
[Result "0-1"]
[WhiteElo "2002"]
[BlackElo "1982"]
[PlyCount "90"]
[EventDate "2011.08.??"]
[EventType "swiss"]
[EventRounds "9"]
[EventCountry "CZE"]

{C50: Italská hra} 1. e4 c6 2. d4 d5 3. e5 Bf5 4. Nc3 e6 5. g4 Bg6 6. Nge2 c5
7. h4 h6 8. Be3 Nc6 9. Nf4 cxd4 10. Bxd4 Bb4 11. Nxg6 fxg6 12. a3 Ba5 13. b4
Bc7 14. f4 Nge7 15. Nb5 O-O 16. Qd2 Nxd4 17. Nxd4 Qc8 18. Rh3 a5 19. Rc3 axb4
20. Rc5 bxa3 21. Rxc7 Qxc7 22. Nxe6 Qb6 23. Nxf8 Kxf8 24. Qc3 a2 25. Be2 Qg1+
26. Kd2 Qf2 27. Qb4 b6 28. f5 gxf5 29. gxf5 Qxf5 30. Qxb6 Qxe5 31. Qg1 Qf4+ 32.
Qe3 Qxh4 33. Rf1+ Kg8 34. Ra1 Qb4+ 35. Qc3 Qb1 36. Bg4 Qb6 37. Be2 Rc8 38. Qe5
Qb4+ 39. Kc1 Qa3+ 40. Kd2 Kh8 41. Bd3 Ng8 42. Qd4 Nf6 43. Rh1 Qa5+ 44. c3 a1=Q
45. Rxh6+ Kg8 0-1

[Event "Jiraskuv memorial A"]
[Site "Rakovnik"]
[Date "2011.08.11"]
[Round "7"]
[White "Pokorny, Petr"]
[Black "Vlacil, Vladimir"]
[Result "1-0"]
[WhiteElo "2260"]
[BlackElo "2015"]
[PlyCount "109"]
[EventDate "2011.08.??"]
[EventType "swiss"]
[EventRounds "9"]
[EventCountry "CZE"]

{C50: Italská hra} 1. d4 Nf6 2. Nf3 e6 3. Bf4 d5 4. e3 Bd6 5. Bd3 O-O 6. Ne5 c5
7. c3 Nc6 8. Nd2 Qc7 9. Ndf3 c4 10. Bc2 Ne4 11. Nxc6 Bxf4 12. Nce5 Bxe5 13.
dxe5 f6 14. exf6 Nxf6 15. Qd4 Qe7 16. O-O Nd7 17. Ne5 Nxe5 18. Qxe5 Rf7 19. f4
Bd7 20. Rf3 Qf6 21. Raf1 Bc6 22. Qh5 g6 23. Rg3 Rg7 24. Qg5 Qxg5 25. Rxg5 Kf7
26. h4 h6 27. Re5 Kf6 28. e4 Rd7 29. exd5 Rxd5 30. Rxd5 Bxd5 31. g4 Kg7 32. Kf2
Re8 33. Ke3 e5 34. f5 Rf8 35. Rd1 Bc6 36. Rd6 gxf5 37. Bxf5 Rf6 38. Rxf6 Kxf6
39. Be4 Bd7 40. Bxb7 Bxg4 41. Bd5 Be6 42. Bxe6 Kxe6 43. Ke4 Kd6 44. h5 a5 45.
b3 cxb3 46. axb3 Ke6 47. c4 Kd6 48. Kf5 Kc5 49. Kxe5 Kb4 50. Kd5 Kxb3 51. c5 a4
52. c6 a3 53. c7 a2 54. c8=Q a1=Q 55. Qc4+ 1-0

[Event "Jiraskuv memorial A"]
[Site "Rakovnik"]
[Date "2011.08.11"]
[Round "7"]
[White "Jirkovsky, Tomas"]
[Black "Urban, Tomas"]
[Result "1/2-1/2"]
[WhiteElo "2073"]
[BlackElo "1822"]
[PlyCount "104"]
[EventDate "2011.08.??"]
[EventType "swiss"]
[EventRounds "9"]
[EventCountry "CZE"]

{C50: Italská hra} 1. e4 c5 2. Nc3 Nc6 3. g3 g6 4. Bg2 Bg7 5. d3 d6 6. f4 e6 7.
Nf3 Nge7 8. O-O O-O 9. Bd2 f5 10. Rb1 a6 11. a3 b5 12. Re1 Re8 13. Kh1 Rb8 14.
exf5 exf5 15. Ng5 Nd4 16. Nd5 Bb7 17. Nxe7+ Rxe7 18. c3 Bxg2+ 19. Kxg2 Nc6 20.
Qf3 d5 21. Rxe7 Nxe7 22. Qe2 Qd6 23. Re1 Rb7 24. Qe6+ Qxe6 25. Nxe6 c4 26. Nc5
Ra7 27. Re6 d4 28. dxc4 bxc4 29. Rxa6 Rxa6 30. Nxa6 dxc3 31. Bxc3 Bxc3 32. bxc3
Nd5 33. Kf3 Kf7 34. a4 Ke7 35. Nb4 Nxc3 36. a5 Kd6 37. a6 Nb5 38. Ke3 Kc5 39.
Nc2 Kb6 40. Nd4 Kxa6 41. Ne6 Ka5 42. Kd2 Kb4 43. Kc2 Na3+ 44. Kc1 Kc3 45. Nf8
Kd3 46. Nxh7 c3 47. Nf6 Ke2 48. Nd5 Kf3 49. Ne7 Kg2 50. Nxg6 Kxh2 51. Ne7 Kxg3
52. Nxf5+ Kxf4 1/2-1/2

[Event "Jiraskuv memorial A"]
[Site "Rakovnik"]
[Date "2011.08.11"]
[Round "7"]
[White "Prochazka, Petr"]
[Black "Haman, Jakub"]
[Result "1/2-1/2"]
[WhiteElo "2008"]
[BlackElo "2146"]
[PlyCount "102"]
[EventDate "2011.08.??"]
[EventType "swiss"]
[EventRounds "9"]
[EventCountry "CZE"]

{C50: Italská hra} 1. e4 c5 2. Nf3 d6 3. d4 cxd4 4. Nxd4 Nf6 5. Nc3 Nc6 6. Bc4
g6 7. Nxc6 bxc6 8. e5 Nd7 9. exd6 exd6 10. O-O Ne5 11. Re1 Be7 12. Rxe5 dxe5
13. Qf3 O-O 14. Bh6 Bf5 15. Bxf8 Qxf8 16. Bb3 Qc8 17. Re1 Kg7 18. Rxe5 Bd6 19.
Re1 Qd7 20. Qe3 Rd8 21. h3 h5 22. Ne4 Re8 23. Qd4+ Be5 24. Qxd7 Bxd7 25. Rd1
Re7 26. c3 Bf4 27. Nc5 Bf5 28. Kf1 Kf6 29. Ba4 Rc7 30. Kg1 g5 31. Kf1 g4 32.
hxg4 Bxg4 33. g3 Bxd1 34. Bxd1 Bc1 35. b4 Kg6 36. Nd3 Bd2 37. c4 f6 38. Bf3 Bg5
39. Nc5 h4 40. gxh4 Bxh4 41. Na6 Rc8 42. a4 Kf5 43. Bg2 Ke5 44. Nc5 Kd4 45. Ne4
Rb8 46. Nd6 c5 47. b5 Bg5 48. Bd5 Bd2 49. Kg2 Ba5 50. Kf3 Bc7 51. Nf5+ Kc3
1/2-1/2

[Event "Jiraskuv memorial A"]
[Site "Rakovnik"]
[Date "2011.08.12"]
[Round "8"]
[White "Kotrba, Matej"]
[Black "Vykouk, Jan"]
[Result "1/2-1/2"]
[WhiteElo "1949"]
[BlackElo "1792"]
[PlyCount "21"]
[EventDate "2011.08.??"]
[EventType "swiss"]
[EventRounds "9"]
[EventCountry "CZE"]

1. Nf3 d5 2. d4 Bf5 3. c4 c6 4. Nc3 e6 5. cxd5 cxd5 6. Bf4 Bd6 7. Bxd6 Qxd6 8.
e3 Nc6 9. Bd3 Bxd3 10. Qxd3 Nf6 11. O-O 1/2-1/2

[Event "Jiraskuv memorial A"]
[Site "Rakovnik"]
[Date "2011.08.12"]
[Round "8"]
[White "Elias, Miroslav"]
[Black "Pokorny, Petr"]
[Result "1/2-1/2"]
[WhiteElo "2121"]
[BlackElo "2260"]
[PlyCount "24"]
[EventDate "2011.08.??"]
[EventType "swiss"]
[EventRounds "9"]
[EventCountry "CZE"]

1. e4 e5 2. Nf3 Nf6 3. Nxe5 d6 4. Nf3 Nxe4 5. d4 d5 6. Bd3 Nc6 7. O-O Be7 8.
Re1 Bg4 9. c3 f5 10. Qb3 Na5 11. Qa4+ Nc6 12. Qb3 Na5 1/2-1/2

[Event "Jiraskuv memorial A"]
[Site "Rakovnik"]
[Date "2011.08.12"]
[Round "8"]
[White "Masek, Jan"]
[Black "Pliva, Vojtech"]
[Result "1/2-1/2"]
[WhiteElo "1966"]
[BlackElo "2066"]
[PlyCount "20"]
[EventDate "2011.08.??"]
[EventType "swiss"]
[EventRounds "9"]
[EventCountry "CZE"]

1. e4 e5 2. Nf3 Nc6 3. Bb5 a6 4. Ba4 Nf6 5. O-O Be7 6. Bxc6 dxc6 7. d3 Nd7 8.
Nbd2 O-O 9. Nc4 f6 10. h3 Nc5 1/2-1/2

[Event "Jiraskuv memorial A"]
[Site "Rakovnik"]
[Date "2011.08.12"]
[Round "8"]
[White "Klement, Lukas"]
[Black "Bartos, Jan"]
[Result "1/2-1/2"]
[WhiteElo "2234"]
[BlackElo "2215"]
[PlyCount "28"]
[EventDate "2011.08.??"]
[EventType "swiss"]
[EventRounds "9"]
[EventCountry "CZE"]

1. d4 d5 2. Nf3 Nf6 3. e3 Bg4 4. c4 c6 5. h3 Bxf3 6. Qxf3 e6 7. Bd3 Bb4+ 8. Nc3
Nbd7 9. O-O O-O 10. Bd2 dxc4 11. Bxc4 e5 12. dxe5 Nxe5 13. Qe2 Nxc4 14. Qxc4
Qe7 1/2-1/2

[Event "Jiraskuv memorial A"]
[Site "Rakovnik"]
[Date "2011.08.12"]
[Round "8"]
[White "Misicko, Jan"]
[Black "Prochazka, Petr"]
[Result "1-0"]
[WhiteElo "2042"]
[BlackElo "2008"]
[PlyCount "53"]
[EventDate "2011.08.??"]
[EventType "swiss"]
[EventRounds "9"]
[EventCountry "CZE"]

1. c4 e5 2. g3 Nf6 3. Bg2 d5 4. cxd5 Nxd5 5. Nc3 Nb6 6. Nf3 Nc6 7. O-O Be7 8.
d3 O-O 9. Be3 Bg4 10. h3 Be6 11. Qc1 f6 12. Ne4 Nd4 13. Bxd4 exd4 14. Nc5 Bd5
15. Nxd4 Bxg2 16. Nde6 Qd5 17. e4 Bxe4 18. dxe4 Qc6 19. Nxf8 Bxf8 20. b4 a5 21.
a3 axb4 22. axb4 Rxa1 23. Qxa1 Bxc5 24. bxc5 Qxc5 25. Rc1 Qe7 26. Qa7 Qxe4 27.
Qb8+ 1-0

[Event "Jiraskuv memorial A"]
[Site "Rakovnik"]
[Date "2011.08.12"]
[Round "8"]
[White "Kozak, Milos"]
[Black "Cap, Adam"]
[Result "1/2-1/2"]
[WhiteElo "2232"]
[BlackElo "1924"]
[PlyCount "41"]
[EventDate "2011.08.??"]
[EventType "swiss"]
[EventRounds "9"]
[EventCountry "CZE"]

1. d4 Nf6 2. c4 g6 3. g3 Bg7 4. Bg2 O-O 5. Nf3 d6 6. Nc3 Nc6 7. O-O e5 8. d5
Ne7 9. e4 Nd7 10. Ne1 f5 11. Nd3 a5 12. f4 Kh8 13. fxe5 Nxe5 14. Nxe5 Bxe5 15.
Bh6 Rf7 16. Qd2 Ng8 17. Bg5 Qf8 18. Rae1 Qg7 19. Bf4 Bd4+ 20. Kh1 Bd7 21. Be3
1/2-1/2

[Event "Jiraskuv memorial A"]
[Site "Rakovnik"]
[Date "2011.08.12"]
[Round "8"]
[White "Janda, Pavel"]
[Black "Jirkovsky, Tomas"]
[Result "1-0"]
[WhiteElo "2011"]
[BlackElo "2073"]
[PlyCount "71"]
[EventDate "2011.08.??"]
[EventType "swiss"]
[EventRounds "9"]
[EventCountry "CZE"]

1. Nf3 Nf6 2. c4 g6 3. b3 Bg7 4. Bb2 O-O 5. g3 c5 6. Bg2 Nc6 7. O-O d6 8. e3
Bd7 9. d4 a6 10. Qe2 Qc7 11. d5 Na5 12. Nc3 Rfb8 13. e4 b5 14. e5 Ng4 15. exd6
exd6 16. Bh3 bxc4 17. Ng5 Re8 18. Ne6 fxe6 19. Qxg4 exd5 20. Qxd7 Qxd7 21. Bxd7
Re7 22. Ba4 Rb8 23. Nxd5 Bxb2 24. Nxe7+ Kf7 25. Rae1 cxb3 26. axb3 Nxb3 27. Nd5
c4 28. Re7+ Kf8 29. Rxh7 Nc5 30. Bc2 a5 31. Ne3 a4 32. Nxc4 Bg7 33. Rb1 Rxb1+
34. Bxb1 d5 35. Nb6 a3 36. Nxd5 1-0

[Event "Jiraskuv memorial A"]
[Site "Rakovnik"]
[Date "2011.08.12"]
[Round "8"]
[White "Rozsafny, Michal"]
[Black "Klakurka, Stanislav"]
[Result "0-1"]
[WhiteElo "1943"]
[BlackElo "1939"]
[PlyCount "64"]
[EventDate "2011.08.??"]
[EventType "swiss"]
[EventRounds "9"]
[EventCountry "CZE"]

1. e4 c5 2. Nf3 Nc6 3. d4 cxd4 4. Nxd4 e5 5. Nb5 d6 6. c4 a6 7. N5c3 f5 8. Bd3
f4 9. Nd5 Nf6 10. Nbc3 Be7 11. Bd2 Nd4 12. Nxf6+ Bxf6 13. Nd5 O-O 14. Bc3 Nc6
15. Qe2 Ne7 16. O-O-O Nxd5 17. exd5 b5 18. cxb5 axb5 19. a3 Qb6 20. Bxb5 Bf5
21. Bc6 Rxa3 22. bxa3 Qb1+ 23. Kd2 Qc2+ 24. Ke1 Qxc3+ 25. Kf1 Qxa3 26. Kg1 Rb8
27. h3 e4 28. Kh2 f3 29. gxf3 Rb2 30. Rd2 Be5+ 31. Kg1 exf3 32. Qe1 Rxd2 0-1

[Event "Jiraskuv memorial A"]
[Site "Rakovnik"]
[Date "2011.08.12"]
[Round "8"]
[White "Hruska, Jan"]
[Black "Volek, Radomir"]
[Result "1-0"]
[WhiteElo "2048"]
[BlackElo "2084"]
[PlyCount "59"]
[EventDate "2011.08.??"]
[EventType "swiss"]
[EventRounds "9"]
[EventCountry "CZE"]

1. c4 Nf6 2. Nc3 e6 3. d4 Bb4 4. Bd2 O-O 5. Nf3 d6 6. a3 Bxc3 7. Bxc3 Ne4 8.
Qc2 f5 9. e3 b6 10. g3 Bb7 11. Bg2 Qc8 12. O-O Nd7 13. b3 Nxc3 14. Qxc3 Be4 15.
Nd2 Bxg2 16. Kxg2 Qb7+ 17. f3 Nf6 18. Qd3 a6 19. e4 fxe4 20. Nxe4 Rae8 21. Rae1
Nxe4 22. Rxe4 Rf6 23. Rfe1 Qc8 24. f4 Rff8 25. Qe2 Kf7 26. d5 exd5 27. Qh5+ g6
28. Qxh7+ Kf6 29. Qh4+ Kg7 30. Re7+ 1-0

[Event "Jiraskuv memorial A"]
[Site "Rakovnik"]
[Date "2011.08.12"]
[Round "8"]
[White "Vlacil, Vladimir"]
[Black "Ondrejat, Miroslav"]
[Result "1/2-1/2"]
[WhiteElo "2015"]
[BlackElo "2048"]
[PlyCount "57"]
[EventDate "2011.08.??"]
[EventType "swiss"]
[EventRounds "9"]
[EventCountry "CZE"]

1. e4 e6 2. d3 c5 3. g3 Nc6 4. Bg2 g6 5. Nc3 Bg7 6. Be3 d6 7. f4 Nge7 8. Nf3
Nd4 9. Qd2 Rb8 10. O-O b5 11. Nd1 O-O 12. c3 Nxf3+ 13. Bxf3 Qc7 14. Qf2 a5 15.
e5 dxe5 16. fxe5 Nc6 17. d4 b4 18. Rc1 Ba6 19. Re1 c4 20. Qd2 Rfd8 21. Qg2 Ne7
22. Bg5 h6 23. Bd2 b3 24. a3 Bb7 25. Bxb7 Qxb7 26. Qh3 h5 27. Bg5 Rdc8 28. Ne3
Nd5 29. Qf1 1/2-1/2

[Event "Jiraskuv memorial A"]
[Site "Rakovnik"]
[Date "2011.08.12"]
[Round "8"]
[White "Cozl, David"]
[Black "Svarc, Roman"]
[Result "1-0"]
[WhiteElo "1982"]
[BlackElo "2125"]
[PlyCount "73"]
[EventDate "2011.08.??"]
[EventType "swiss"]
[EventRounds "9"]
[EventCountry "CZE"]

1. c4 e5 2. Nc3 Nf6 3. g3 Bb4 4. Bg2 O-O 5. d3 Bxc3+ 6. bxc3 h6 7. e4 d6 8. f4
exf4 9. Bxf4 Bg4 10. Nf3 Nbd7 11. Qc2 Re8 12. O-O Nc5 13. Rf2 Qd7 14. Raf1 Bh3
15. Nd4 Bxg2 16. Kxg2 Ng4 17. Rf3 Rf8 18. Nf5 Rae8 19. Qd2 Re6 20. Ne3 Rg6 21.
Nf5 Ne5 22. Re3 Re8 23. Qd1 Ng4 24. Re2 Qa4 25. Qb1 b6 26. h3 Ne5 27. Rd2 Qc6
28. Re1 Nexd3 29. Rxd3 Nxe4 30. Qb5 Qa8 31. Qd5 c6 32. Qd4 Nf6 33. Rxe8+ Qxe8
34. Re3 Qa8 35. Ne7+ Kh7 36. Kh2 c5 37. Qd5 1-0

[Event "Jiraskuv memorial A"]
[Site "Rakovnik"]
[Date "2011.08.12"]
[Round "8"]
[White "Stransky, Vojtech"]
[Black "Urban, Tomas"]
[Result "1-0"]
[WhiteElo "1843"]
[BlackElo "1822"]
[PlyCount "42"]
[EventDate "2011.08.??"]
[EventType "swiss"]
[EventRounds "9"]
[EventCountry "CZE"]
[TimeControl "40/7200:20/3600:1800"]

{16MB, Fritz8.ctg, SACHY-67D9C7985} 1. e4 {[%emt 0:00:00]} c5 2. Nc3 d6 3. f4
g6 4. Nf3 Bg7 5. Bb5+ Nc6 6. d3 e6 7. O-O Nge7 8. Qe1 a6 9. Bxc6+ bxc6 10. Kh1
Ra7 11. Qh4 f5 12. e5 d5 13. Ng5 Ng8 14. Qf2 Qe7 15. Na4 d4 16. Nb6 Rc7 17. Nc4
Nh6 18. Nd6+ Kf8 19. h3 Bd7 20. Bd2 Be8 21. Ba5 Rd7 1-0

[Event "Jiraskuv memorial A"]
[Site "Rakovnik"]
[Date "2011.08.12"]
[Round "8"]
[White "Krasny, Drahomir"]
[Black "Novak, Jindrich"]
[Result "0-1"]
[WhiteElo "1897"]
[BlackElo "2059"]
[PlyCount "86"]
[EventDate "2011.08.??"]
[EventType "swiss"]
[EventRounds "9"]
[EventCountry "CZE"]
[TimeControl "40/7200:20/3600:1800"]

{16MB, Fritz8.ctg, SACHY-67D9C7985} 1. e4 d6 2. d4 e5 3. dxe5 dxe5 4. Qxd8+
Kxd8 5. Nf3 Bd6 6. Bc4 Ke7 7. Nc3 Nf6 8. Nd5+ Nxd5 9. Bxd5 Nd7 10. O-O Nb6 11.
Bb3 a5 12. Be3 a4 13. Bxb6 axb3 14. Be3 Rxa2 15. Rxa2 bxa2 16. c4 b6 17. Ra1
Bb7 18. Rxa2 Bxe4 19. Nd2 Ra8 20. Rxa8 Bxa8 21. f3 f5 22. Nb3 Ke6 23. Kf2 Bc6
24. Ke2 f4 25. Bf2 Bb4 26. Be1 Bxe1 27. Kxe1 g5 28. Kf2 Kf5 29. Nd2 e4 30.
fxe4+ Bxe4 31. g3 h5 32. Nb3 c5 33. Nc1 fxg3+ 34. hxg3 Kg4 35. Ne2 Bc6 36. Nc3
h4 37. gxh4 gxh4 38. Nd1 h3 39. Ne3+ Kf4 40. Nf1 Bg2 41. Ng3 Be4 42. Ne2+ Kg4
43. Kg1 Bf3 0-1

[Event "Jiraskuv memorial A"]
[Site "Rakovnik"]
[Date "2011.08.12"]
[Round "8"]
[White "Bauer, Pavel"]
[Black "Trnka, Miroslav"]
[Result "0-1"]
[WhiteElo "1876"]
[BlackElo "2012"]
[PlyCount "68"]
[EventDate "2011.08.??"]
[EventType "swiss"]
[EventRounds "9"]
[EventCountry "CZE"]
[TimeControl "40/7200:20/3600:1800"]

{16MB, Fritz8.ctg, SACHY-67D9C7985} 1. e4 g6 2. d4 Bg7 3. Be3 d6 4. Nc3 Nf6 5.
f3 c6 6. Qd2 Qa5 7. Nge2 b5 8. Ng3 O-O 9. h4 h5 10. a3 Bb7 11. O-O-O Nbd7 12.
Bh6 b4 13. axb4 Qxb4 14. Bxg7 Kxg7 15. Nce2 Qxd2+ 16. Kxd2 Rfb8 17. Nc3 Bc8 18.
b3 c5 19. d5 Rb6 20. Bd3 Ne5 21. Be2 e6 22. Ke3 exd5 23. Nxd5 Nxd5+ 24. Rxd5
Be6 25. Rdd1 c4 26. bxc4 Nxc4+ 27. Kf2 a5 28. Bxc4 Bxc4 29. Rd4 Rc6 30. Rhd1 a4
31. Rxd6 Rxd6 32. Rxd6 a3 33. Rd1 a2 34. Ra1 Rb8 0-1